| 000 | 00441nam a2200181Ia 4500 | ||
|---|---|---|---|
| 001 | 18415 | ||
| 005 | 20260306171629.0 | ||
| 008 | 260306s9999||||xx |||||||||||||| ||und|| | ||
| 041 | _aESP | ||
| 082 |
_a658.4038011 _bO99 |
||
| 100 |
_aOz, Effy _eAUT |
||
| 245 | 0 | _aAdministración de sistemas de información | |
| 260 | _c2001 | ||
| 300 |
_axxiv, 688 páginas : _c27 cm. |
||
| 650 | _aGEN | ||
| 654 | _aCAN | ||
| 942 |
_cLIB _dJUS _fJUS _2ddc _n |
||
| 999 |
_c18415 _d18415 |
||